Греческий язык без учителя: [учебное пособие]

Xehetasun bibliografikoak
Beste egile batzuk: Погребало О. В. Оксана Викторовна, Ивашко А. В. Анна Викторовна, Кателло В. Н. Валентина Николаевна
Gaia:Тексты, предлагаемые в данном пособии, расположены в возрастающем порядке: объем и сложность заданий увеличиваются с каждым уроком, а каждое последующее занятие сопровождается словарем новых слов. Предназначено для самостоятельного и факультативного изучения греческого языка.
Hizkuntza:errusiera
Argitaratua: Ростов-на-Дону, Феникс, 2010
Edizioa:3-е изд.
Saila:Без репетитора
Gaiak:
Formatua: Liburua
KOHA link:https://koha.lib.tpu.ru/cgi-bin/koha/opac-detail.pl?biblionumber=186486

MARC

LEADER 00000nam0a2200000 4500
001 186486
005 20231101224000.0
010 |a 9785222170045 
010 |a 978-966-338-216-3 
035 |a (RuTPU)RU\TPU\book\202335 
090 |a 186486 
100 |a 20101028d2010 m y0rusy50 ca 
101 0 |a rus 
102 |a RU 
105 |a y j 000zy 
200 1 |a Греческий язык без учителя  |e [учебное пособие]  |f О. В. Погребало, А. В. Ивашко, В. Н. Кателло 
205 |a 3-е изд. 
210 |a Ростов-на-Дону  |c Феникс  |c БАО  |d 2010  |a Донецк 
215 |a 287 с. 
225 1 |a Без репетитора 
330 |a Тексты, предлагаемые в данном пособии, расположены в возрастающем порядке: объем и сложность заданий увеличиваются с каждым уроком, а каждое последующее занятие сопровождается словарем новых слов. Предназначено для самостоятельного и факультативного изучения греческого языка. 
606 1 |a Греческий язык  |2 stltpush  |3 (RuTPU)RU\TPU\subj\8639  |9 36011 
610 1 |a лексика 
610 1 |a грамматика 
610 1 |a транскрипция 
610 1 |a алфавит 
610 1 |a пословицы 
610 1 |a поговорки 
610 1 |a самоучители 
610 1 |a упражнения 
610 1 |a тексты 
686 |a Ш145-922  |v LBC/SL-A  |2 rubbk 
701 1 |a Погребало  |b О. В.  |g Оксана Викторовна 
701 1 |a Ивашко  |b А. В.  |g Анна Викторовна 
701 1 |a Кателло  |b В. Н.  |g Валентина Николаевна 
801 1 |a RU  |b 63413507  |c 20101028 
801 2 |a RU  |b 63413507  |c 20110310  |g RCR 
942 |c BK 
959 |a 74/20101028  |d 1  |e 121,80  |f ЧЗИЛ:1